Progressively Harder Country Outlines (South America) Quiz Stats

 Plays Quiz Updated Feb 2, 2016

Score 0/12 Timer 01:30
11 Plays Today
% Correct
Chile
98.9%
Brazil
98.6%
Argentina
97.3%
Peru
91.6%
Paraguay
84%
Uruguay
79.5%
Colombia
76%
Venezuela
73.1%
Bolivia
63%
Ecuador
56.6%
Guyana
53.1%
Suriname
49.6%

You're not logged in!

Compare scores with friends on all Sporcle quizzes.
OR
Log In

You Might Also Like...

Show Comments

Extras

Top Quizzes Today


Score Distribution

Your Account Isn't Verified!

In order to create a playlist on Sporcle, you need to verify the email address you used during registration. Go to your Sporcle Settings to finish the process.

Report this User

Report this user for behavior that violates our Community Guidelines.

Details: